Wszystkie Stolice Ameryki Północnej - Statystyki

Ogólne statystyki
  • Ten quiz został rozwiązany 105 razy
  • Średni wynik to 15 z 23
Statystyki odpowiedzi
Podpowiedź Odpowiedź % Poprawnych
Meksyk Meksyk
100%
Kanada Ottawa
100%
Stany Zjednoczone Waszyngton
100%
Gwatemala Gwatemala
85%
Panama Panama
83%
Kuba Hawana
77%
Salwador San Salvador
73%
Jamajka Kingston
67%
Belize Belmopan
65%
Kostaryka San José
63%
Dominikana Santo Domingo
63%
Nikaragua Managua
60%
Haiti Port-au-Prince
60%
Trynidad i Tobago Port-of-Spain
58%
Bahamy Nassau
56%
Honduras Tegucigalpa
54%
Barbados Bridgetown
52%
Grenada Saint George's
48%
Dominika Roseau
44%
Antigua i Barbuda Saint John's
44%
Saint Kitts i Nevis Basseterre
40%
Saint Lucia Castries
38%
Saint Vincent i Grenadyny Kingstown
38%
Nie znaleziono quizów pasujących do podanych kryteriów
Rozkład punktacji
Procent ludzi z każdym wynikiem
Percentyl według liczby udzielonych odpowiedzi
Twoja historia wyników
Nie rozwiązałeś tego quizu